| 000 | 00406nam a2200157Ia 4500 | ||
|---|---|---|---|
| 008 | 151213s9999 xx 000 0 und d | ||
| 100 | _aEdward T. Bowliy | ||
| 245 |
_aInformation Of Mathematical Economics _cEdward T. Bowliy |
||
| 250 | _a3rd | ||
| 260 |
_aNew York _bMc Grow Hill _c2004 |
||
| 300 | _a4229 p. | ||
| 650 | _aEconomics | ||
| 650 | _aEconomics | ||
| 700 | _aEdward T. Bowliy | ||
| 999 |
_c2653 _d2653 |
||